Italian or American Food - Statistics

General Stats
  • This quiz has been taken 35 times
  • The average score is 12 of 15
Answer Stats
Question Answer % Correct
New York Pizza American
100%
Arancini Italian
97%
Risotto Italian
97%
Cacio e Pepe Italian
97%
Gnocchi Italian
97%
Osso Buco Italian
94%
Carbonara Italian
91%
Neapolitan Pizza Italian
86%
Shrimp Scampi American
80%
Alfredo Sauce American
71%
Baked Ziti American
71%
Sicilian Pizza Italian
71%
Spaghetti and Meatballs American
66%
Penna alla Vodka American
66%
Chicken Parmigiana American
63%
No matching quizzes found
Score Distribution
Percent of People with Each Score
Percentile by Number Answered
Your Score History
You have not taken this quiz